Dominación y acuerdo (Registro nro. 5739)

Detalles MARC
000 -LEADER
fixed length control field 01148 a2200241 4500
001 - CONTROL NUMBER
control field 54716
005 - DATE AND TIME OF LATEST TRANSACTION
control field 20260407155822.0
008 - FIXED-LENGTH DATA ELEMENTS--GENERAL INFORMATION
fixed length control field 260407a1986 arg spa d
003 - CONTROL NUMBER IDENTIFIER
control field AR-UNSa-BCEJYS
040 ## - CATALOGING SOURCE
Original cataloging agency AR-UNSa-BCEJYS
Language of cataloging spa
Transcribing agency AR-UNSa-BCEJYS
080 ## - UNIVERSAL DECIMAL CLASSIFICATION NUMBER
Universal Decimal Classification number 321
Common auxiliary subdivision Formas de la organización política. Los estados como poderes políticos
020 ## - INTERNATIONAL STANDARD BOOK NUMBER
International Standard Book Number 84-7432-438-6
100 1# - MAIN ENTRY--PERSONAL NAME
Personal name Sternberger, Dolf
245 10 - TITLE STATEMENT
Title Dominación y acuerdo
264 #1 - PRODUCTION, PUBLICATION, DISTRIBUTION, MANUFACTURE, AND COPYRIGHT NOTICE
Place of production, publication, distribution, manufacture Barcelona :
Name of producer, publisher, distributor, manufacturer Gedisa
Date of production, publication, distribution, manufacture, or copyright notice 1986
300 ## - PHYSICAL DESCRIPTION
Extent 199 p.
Dimensions 22 cm.
505 ## - FORMATTED CONTENTS NOTE
Formatted contents note 1. La vieja polémica acerca del origen de la dominación - 2. Dominación y acuerdo-Acerca de la legitimidad civil - 3. Max Weber y la democracia - 4. Maquiavelo,maquiavelismo y política - 5. El Parlamento como ente histórico viviente - 6. El nacimiento de la Asamblea Nacional de 1789 - 7. Las elecciones como acto de gobierno ciudadano - 8. La época de las emancipaciones - 9. Politeia y Leviatán-Una polémica acerca del Estado antiguo y el moderno
590 ## - LOCAL NOTE (RLIN)
Local note niveau_biblio:m niveau_hierar:0
700 1# - ADDED ENTRY--PERSONAL NAME
Personal name Seña, Jorge M.
700 1# - ADDED ENTRY--PERSONAL NAME
Personal name Garzón Valdés, Ernesto
700 1# - ADDED ENTRY--PERSONAL NAME
Personal name Zimmerling, Ruth
942 ## - ADDED ENTRY ELEMENTS (KOHA)
Koha item type
Existencias
Withdrawn status Lost status Damaged status Not for loan Home library Current library Shelving location Date acquired Total checkouts Full call number Barcode Date last seen Price effective from Koha item type
        Biblioteca Prof. Eusebio Cleto del Rey Biblioteca Prof. Eusebio Cleto del Rey   07/04/2026   321 S839 L65161 07/04/2026 07/04/2026 Libro